header

In science's shadow (Record no. 148517)

MARC details
000 -LEADER
fixed length control field 02610nam a2200445 a 4500
082 04 - DEWEY DECIMAL CLASSIFICATION NUMBER
Classification number 820.9/356
100 1# - MAIN ENTRY--AUTHOR NAME
Personal name Murphy, Patricia,
245 10 - TITLE STATEMENT
Title In science's shadow
260 ## - PUBLICATION, DISTRIBUTION, ETC. (IMPRINT)
Place of publication Columbia :
Name of publisher University of Missouri Press,
Year of publication c2006.
300 ## - PHYSICAL DESCRIPTION
Number of Pages ix, 239 p.
505 0# - FORMATTED CONTENTS NOTE
Formatted contents note Introduction : the gendered context of Victorian science -- Fated marginalization : women and science in the poetry of Constance Naden -- A problematic boundary : masculinizing science in Thomas Hardy's Two on a tower -- Dangerous behavior : a woman's menacing avocation in Wilkie Collins's Heart and science -- "Escaping" gender : the neutral voice in Marianne North's Recollections of a happy life -- Evolutionary mediation : the female physician in Charles Reade's A woman-hater.
520 ## - SUMMARY, ETC.
Summary, etc "Through close analysis of noncanonical Victorian-era literature by Thomas Hardy, Wilkie Collins, Charles Reade, Constance Naden, and Marianne North, Murphy reveals how women were often marginalized, constricted, and defined as intellectually inferior as a result of the interplay of sociohistorical trends driven by scientific curiosity and the 'Woman Question'"--Provided by publisher.
650 #0 - SUBJECT ADDED ENTRY--TOPICAL TERM
Topical Term English literature
Topical Term Literature and science
Topical Term Sexism in science
Topical Term Women in science.
Topical Term Women in literature.
Topical Term Sexism in literature.
Topical Term Prejudices in literature.
Topical Term Marginality, Social, in literature.
856 40 - ELECTRONIC LOCATION AND ACCESS
Uniform Resource Identifier http://site.ebrary.com/lib/rucke/Doc?id=10188299

No items available.

© 2026 Rongo University
Contact us: librarian | system librarian | Rongo university